Vplyv Núdzového pandemického programu nákupu ECB na ceny kapitálových cenných papierov diplomová práca

Saved in:
Bibliographic Details
Main Author: Pavelka, Lukáš
Corporate Author: Podnikovohospodárska fakulta EU so sídlom v Košiciach. Katedra kvantitatívnych metód
Other Authors: Verner, Robert, 1986-
Format: Book
Language:Slovak
Published: Košice 2022
Tags: Add Tag
No Tags, Be the first to tag this record!

MARC

LEADER 00000nbm a2200000 4500
001 0287399
005 20230502101214.7
041 0 |a slo 
044 |a SK 
245 1 0 |a Vplyv Núdzového pandemického programu nákupu ECB na ceny kapitálových cenných papierov  |b diplomová práca  |c Lukáš Pavelka ; školiteľ: Robert Verner 
264 1 |a Košice  |c 2022 
300 |a 62 s. 
100 1 |a Pavelka, Lukáš 
700 1 |a Verner, Robert, 1986- 
710 2 |a Podnikovohospodárska fakulta EU so sídlom v Košiciach. Katedra kvantitatívnych metód